000 00327nam a22001337a 4500
008 190205b xxu||||| |||| 00| 0 eng d
020 _a9780314667922
041 _aeng
080 _23rd
_a311
100 _a55
101 _aSTA
245 _aUnderstanding Statistics in the Behavioral Sciences
_cPagano,R.R
942 _2udc
_cBK
999 _c53958
_d53958